Matador chce mať výkladnú skriňu inteligentného priemyslu

Nový závod v Nitre na lisovanie a zváranie dielcov karosérií pre automobilky ako výkladná skriňa slovenského priemyslu, v ktorom Matador naplno využije prvky konceptu Priemysel 4.0. Nový závod je postavený modulárne, čo znamená, že ho bude možné ďalej rozširovať podľa aktuálnych potrieb. Radikálnou...

Descripción completa

Guardado en:
Detalles Bibliográficos
Autor principal: Kvašňák, Lukáš
Formato: Capítulo de libro
Lenguaje:eslovaco
Materias:
Etiquetas: Agregar Etiqueta
Sin Etiquetas, Sea el primero en etiquetar este registro!

MARC

LEADER 00000naa a2200000 4500
001 0227061
005 20170213145545.6
041 0 |a slo 
044 |a SK 
245 1 0 |a Matador chce mať výkladnú skriňu inteligentného priemyslu  |c Lukáš Kvašňák 
520 |a Nový závod v Nitre na lisovanie a zváranie dielcov karosérií pre automobilky ako výkladná skriňa slovenského priemyslu, v ktorom Matador naplno využije prvky konceptu Priemysel 4.0. Nový závod je postavený modulárne, čo znamená, že ho bude možné ďalej rozširovať podľa aktuálnych potrieb. Radikálnou zmenou prejde aj plánovanie. Dôležitou témou pri Priemysle 4.0 je IT bezpečnosť. 
610 2 0 |a priemysel automobilový 
610 2 0 |a firmy 
610 2 0 |a technológie nové 
610 2 0 |a technológie informačné 
610 2 0 |a technológie komunikačné 
100 1 |a Kvašňák, Lukáš